000 00748nam a2200229 a 4500
999 _c6146
_d6146
001 6146
003 BD-JhCC
005 20180114135533.0
008 171009s1967 bg a|||| ||a| 000 0 ben d
035 _a(BD-JhCC)6146
040 _aBD-JhCC
_dBD-JhCC
041 _aben
082 _a342.73
_bBRI 1967
100 _aব্রাইস, জেমস
245 _aমার্কিন রাষ্ট্রমণ্ডল /
_cজেমস ব্রাইস; আকবর উদ্দিন (অনুবাদ)
260 _aঢাকা :
_bখোশরোজ কিতাব মহল,
_c1967.
300 _a345 p. :
_c22 cm.
650 _aPolitics and government
_zUnited State
651 _aBangladesh
942 _2ddc
_cBK